000 01126cam a2200325 a 4500
001 13556778
003 OSt
005 20160408200842.0
008 040413s1996 nyu r 001 0 eng d
010 _a 2004298833
020 _a0872062201
035 _a(OCoLC)ocm35773331
040 _aONU
_cONU
_dSLU
_dOCL
_dDLC
042 _alccopycat
043 _an-us---
050 0 0 _aLB2337.2
_b.F586 1996
245 0 0 _aFinancial resources for international study :
_ba guide for US nationals /
_cMarie O'Sullivan, editor ; Sara J. Steen, supervising editor.
250 _a2nd ed.
260 _aNew York :
_bInstitute of International Education,
_c1996.
300 _axxxix, 280 p. ;
_c28 cm.
500 _aIncludes indexes.
650 0 _aStudent aid
_zUnited States
_vDirectories.
_97707
650 0 _aForeign study
_xResearch grants
_zUnited States.
_97708
650 0 _aScholarships
_vDirectories.
_97709
700 1 _aO'Sullivan, Marie.
_97710
700 1 _aSteen, Sara J.
_97711
906 _a7
_bcbc
_ccopycat
_d2
_encip
_f20
_gy-gencatlg
942 _2ddc
_cSLOAN
999 _c3447
_d3447